| 000 | 00739cam a2200193 a 4500 | ||
|---|---|---|---|
| 020 | _a0875185436 | ||
| 040 | _cDLC | ||
| 082 | 0 | 0 |
_a947 MAX 1992 A099 Or. _aB |
| 100 | 1 | _aAyer, Eleanor H. | |
| 245 | 1 | 0 |
_aBoris Yeltsin : _bman of the people / |
| 250 | _a1st ed. | ||
| 260 |
_aNew York : _bDillon Press ; _aToronto : _bMaxwell Macmillan Canada ; _aNew York : _bMaxwell Macmillan International, _cc1992. |
||
| 300 |
_a144 p. : _bill. ; _c24 cm. |
||
| 520 | _aTraces the life of the Russian leader from his childhood on a collective farm through his education as a civil engineer to his election as the first President of the Russian republic in 1991. | ||
| 650 | 0 | _aPresidents | |
| 650 | 0 | _aPoliticians | |
| 650 | 1 | _aPresidents | |
| 942 | _cEK | ||
| 999 |
_c12466 _d12466 |
||